<?xml version="1.0" encoding="UTF-8"?>
<record
    xmlns:xsi="http://www.w3.org/2001/XMLSchema-instance"
    xsi:schemaLocation="http://www.loc.gov/MARC21/slim http://www.loc.gov/standards/marcxml/schema/MARC21slim.xsd"
    xmlns="http://www.loc.gov/MARC21/slim">

  <leader>01125    a2200241   4500</leader>
  <controlfield tag="005">20081010113718.0</controlfield>
  <controlfield tag="008">081010t        xxu||||| |||| 00| 0 ur d</controlfield>
  <datafield tag="010" ind1=" " ind2=" ">
    <subfield code="a">UR-7267</subfield>
  </datafield>
  <datafield tag="020" ind1=" " ind2=" ">
    <subfield code="a">978-8185362-99-1</subfield>
    <subfield code="c">250.00 (app)</subfield>
  </datafield>
  <datafield tag="035" ind1=" " ind2=" ">
    <subfield code="a">U-5824</subfield>
  </datafield>
  <datafield tag="037" ind1=" " ind2=" ">
    <subfield code="b">D.B.Act/pub</subfield>
  </datafield>
  <datafield tag="082" ind1=" " ind2=" ">
    <subfield code="a">954.084</subfield>
  </datafield>
  <datafield tag="100" ind1=" " ind2=" ">
    <subfield code="a">&#x639;&#x627; &#x628;&#x62F;&#x6C1; &#x633;&#x645;&#x64A;&#x639; &#x627;&#x644;&#x62F; &#x64A;&#x646;</subfield>
  </datafield>
  <datafield tag="245" ind1=" " ind2=" ">
    <subfield code="a">&#x642;&#x648;&#x645;&#x6CC; &#x645;&#x62D;&#x627;&#x632;&#x622;&#x632;&#x627;&#x62F;&#x6CC; &#x627;&#x648;&#x631; &#x64A;&#x648;&#x67E;&#x6CC; &#x6A9;&#x6D2; &#x645;&#x633;&#x644;&#x645;&#x627; &#x646; &#x635;&#x62D;&#x627; &#x641;&#x6CC;</subfield>
    <subfield code="c">&#x639;&#x627; &#x628;&#x62F;&#x6C1; &#x633;&#x645;&#x64A;&#x639; &#x627;&#x644;&#x62F;&#x64A;&#x646;</subfield>
  </datafield>
  <datafield tag="246" ind1=" " ind2=" ">
    <subfield code="a">Qaumi mahaz azadi aour U.P. ke musalman sahafi</subfield>
    <subfield code="b">by Abida Samiuddin</subfield>
  </datafield>
  <datafield tag="260" ind1=" " ind2=" ">
    <subfield code="a">&#x646;&#x626; &#x62F;&#x6BE;&#x644;&#x6CC;</subfield>
    <subfield code="b">&#x627;&#x646;&#x633;&#x679;&#x6CC; &#x679;&#x64A;&#x648;&#x679; &#x622;&#x641; &#x622;&#x628;&#x62C;&#x64A;&#x6A9;&#x679;&#x64A;&#x648; &#x627;&#x633;&#x679;&#x688; &#x64A;&#x632;</subfield>
    <subfield code="c">2007</subfield>
  </datafield>
  <datafield tag="270" ind1=" " ind2=" ">
    <subfield code="a">162&#x60C;&#x62C;&#x648;&#x6AF;&#x627; &#x628;&#x627; &#x626; &#x645;&#x64A;&#x646; &#x631;&#x648;&#x688; &#x60C;&#x62C;&#x627; &#x645;&#x639;&#x6C1; &#x646;&#x6AF;&#x631;</subfield>
    <subfield code="b">&#x646;&#x626; &#x62F;&#x6BE;&#x644;&#x6CC;</subfield>
    <subfield code="e">110025</subfield>
  </datafield>
  <datafield tag="300" ind1=" " ind2=" ">
    <subfield code="a">  294 &#x635;</subfield>
    <subfield code="c">22&#x633;&#x64A;&#x646;&#x679;&#x6CC;  &#x645;&#x64A;&#x679;&#x631;</subfield>
  </datafield>
  <datafield tag="650" ind1=" " ind2=" ">
    <subfield code="a">&#x62A;&#x627; &#x631; &#x64A;&#x62E;</subfield>
  </datafield>
  <datafield tag="700" ind1=" " ind2=" ">
    <subfield code="a">&#x645;&#x62D;&#x645;&#x62F; &#x645;&#x62D;&#x628;&#x648;&#x628; &#x62E;&#x627;&#x646; &#x627;&#x641;&#x633;&#x631; &#x639;&#x62B;&#x645;&#x627;&#x646;&#x6CC;</subfield>
  </datafield>
  <datafield tag="942" ind1=" " ind2=" ">
    <subfield code="a">dpl</subfield>
    <subfield code="c">UR</subfield>
    <subfield code="k">   </subfield>
    <subfield code="2">ddc</subfield>
    <subfield code="h">954. 0841</subfield>
    <subfield code="m">&#x639; &#x627; &#x628;</subfield>
  </datafield>
  <datafield tag="999" ind1=" " ind2=" ">
    <subfield code="c">1563</subfield>
    <subfield code="d">1563</subfield>
  </datafield>
  <datafield tag="952" ind1=" " ind2=" ">
    <subfield code="0">0</subfield>
    <subfield code="1">0</subfield>
    <subfield code="2">ddc</subfield>
    <subfield code="4">0</subfield>
    <subfield code="7">1</subfield>
    <subfield code="8">NFIC</subfield>
    <subfield code="a">DBAD</subfield>
    <subfield code="b">DBAD</subfield>
    <subfield code="d">2008-10-10</subfield>
    <subfield code="g">250.00</subfield>
    <subfield code="l">0</subfield>
    <subfield code="o">954. 0841 &#x639; &#x627; &#x628;</subfield>
    <subfield code="p">U-5824</subfield>
    <subfield code="r">2008-09-15 00:00:00</subfield>
    <subfield code="t">1</subfield>
    <subfield code="u">2231</subfield>
    <subfield code="v">250.00</subfield>
    <subfield code="w">2008-09-15</subfield>
    <subfield code="y">UR</subfield>
  </datafield>
</record>
